[Event "Philadelphia op 8th"]
[Site "Philadelphia"]
[Date "2014.04.20"]
[Round "9"]
[White "Kamsky, Gata"]
[Black "Chirila, Ioan Cristian"]
[Result "1-0"]
[WhiteElo "2714"]
[BlackElo "2520"]
[PlyCount "87"]
[EventDate "2014.04.16"]
[EventType "swiss"]
[EventRounds "9"]
[EventCountry "USA"]
[SourceTitle "CBM 159 Extra"]
[Source "ChessBase"]
[SourceDate "2014.04.24"]
[SourceVersion "1"]
[SourceVersionDate "2014.04.24"]
[SourceQuality "1"]

1. d4 Nf6 2. Nf3 g6 3. Bf4 Bg7 4. c3 O-O 5. Nbd2 d5 6. h3 Nbd7 7. e3 c5 8. Be2
b6 9. a4 a5 10. O-O Bb7 11. Qb3 Qc8 12. Nb1 Ne4 13. Na3 Bc6 14. Bb5 e6 15. Rfd1
Qb7 16. Bxc6 Qxc6 17. Nb5 cxd4 18. cxd4 Rfc8 19. Ne1 Bf8 20. f3 Nef6 21. Nd3
Qc4 22. Qxc4 Rxc4 23. b3 Rcc8 24. Rac1 Ne8 25. Ne5 Nxe5 26. Bxe5 Bb4 27. e4
dxe4 28. fxe4 Kf8 29. Kf2 Ke7 30. Ke3 Bd6 31. Nxd6 Nxd6 32. Bxd6+ Kxd6 33. e5+
Kd7 34. Rc4 Ra7 35. Rf1 Rf8 36. g4 Rb7 37. Ke4 Ke7 38. Rfc1 Rd8 39. Rc7+ Rd7
40. Rxb7 Rxb7 41. d5 exd5+ 42. Kxd5 b5 43. Kc6 Rb8 44. Kc7 1-0

[Event "USA-ch"]
[Site "Saint Louis"]
[Date "2014.05.08"]
[Round "1"]
[White "Gareyev, Timur"]
[Black "Kamsky, Gata"]
[Result "1/2-1/2"]
[WhiteElo "2653"]
[BlackElo "2713"]
[PlyCount "28"]
[EventDate "2014.05.08"]
[EventType "tourn"]
[EventRounds "11"]
[EventCountry "USA"]
[EventCategory "15"]
[SourceTitle "CBM 161"]
[Source "ChessBase"]
[SourceDate "2014.07.16"]
[SourceVersion "1"]
[SourceVersionDate "2014.07.16"]
[SourceQuality "1"]

1. d4 d5 2. c4 c6 3. Nf3 Nf6 4. Nc3 a6 5. cxd5 cxd5 6. Bg5 e6 7. e3 Nc6 8. Bd3
h6 9. Bh4 g5 10. Bg3 Nh5 11. Be5 Nf6 12. Bg3 Nh5 13. Be5 Nf6 14. Bg3 Nh5
1/2-1/2

[Event "USA-ch"]
[Site "Saint Louis"]
[Date "2014.05.09"]
[Round "2"]
[White "Kamsky, Gata"]
[Black "Ramirez Alvarez, Alejandro"]
[Result "1/2-1/2"]
[WhiteElo "2713"]
[BlackElo "2595"]
[PlyCount "112"]
[EventDate "2014.05.08"]
[EventType "tourn"]
[EventRounds "11"]
[EventCountry "USA"]
[EventCategory "15"]
[SourceTitle "CBM 161"]
[Source "ChessBase"]
[SourceDate "2014.07.16"]
[SourceVersion "1"]
[SourceVersionDate "2014.07.16"]
[SourceQuality "1"]

1. e4 e6 2. d4 d5 3. e5 c5 4. c3 Nc6 5. Nf3 Nh6 6. Na3 cxd4 7. cxd4 Bb4+ 8. Bd2
Qa5 9. Bd3 Bxd2+ 10. Qxd2 Qxd2+ 11. Kxd2 f6 12. exf6 gxf6 13. Rae1 a6 14. Nc2
Ke7 15. Nh4 e5 16. f3 Kd6 17. dxe5+ fxe5 18. Kc1 Be6 19. Rd1 Raf8 20. Rhe1 Ng8
21. b3 Nge7 22. Kb2 Rhg8 23. Rd2 Rg7 24. Be4 Kc7 25. Bd3 Kd6 26. Rde2 Rf4 27.
g3 Rf6 28. Ka3 Ng6 29. Bxg6 hxg6 30. f4 exf4 31. gxf4 Bg4 32. Rg2 Rxf4 33. Ne3
Bh3 34. Nxg6 Rf6 35. Rg3 Rgxg6 36. Rxh3 Nd4 37. Rh5 Nb5+ 38. Kb4 Rf4+ 39. Ka5
Nc3 40. Nxd5 Nxd5 41. Rd1 Kc6 42. Rhxd5 Rh6 43. R1d2 Rxh2 44. Rxh2 Kxd5 45. Rc2
Kd6 46. Rc3 Rf5+ 47. Kb6 Rb5+ 48. Ka7 a5 49. Rc4 Rc5 50. Rh4 Rb5 51. Kb8 Kc6
52. Rh7 Kc5 53. Rh5+ Kb6 54. Rh6+ Kc5 55. Ka7 a4 56. bxa4 Ra5+ 1/2-1/2

[Event "USA-ch"]
[Site "Saint Louis"]
[Date "2014.05.10"]
[Round "3"]
[White "Robson, Ray"]
[Black "Kamsky, Gata"]
[Result "1/2-1/2"]
[WhiteElo "2631"]
[BlackElo "2713"]
[PlyCount "58"]
[EventDate "2014.05.08"]
[EventType "tourn"]
[EventRounds "11"]
[EventCountry "USA"]
[EventCategory "15"]
[SourceTitle "CBM 161"]
[Source "ChessBase"]
[SourceDate "2014.07.16"]
[SourceVersion "1"]
[SourceVersionDate "2014.07.16"]
[SourceQuality "1"]

1. e4 e5 2. Nf3 Nc6 3. Bb5 Nf6 4. O-O Nxe4 5. Re1 Nd6 6. Nxe5 Nxe5 7. Rxe5+ Be7
8. Bf1 O-O 9. d4 Bf6 10. Re1 Ne8 11. d5 d6 12. Nd2 Bg5 13. Nf3 Bxc1 14. Qxc1
Nf6 15. c4 Bd7 16. Bd3 Re8 17. Qf4 Rxe1+ 18. Rxe1 Qf8 19. h3 Re8 20. Rc1 a5 21.
b3 b6 22. a3 Qe7 23. b4 axb4 24. axb4 Ra8 25. Re1 Qf8 26. Nd4 Re8 27. Ra1 Ra8
28. Re1 Re8 29. Ra1 Ra8 1/2-1/2

[Event "USA-ch"]
[Site "Saint Louis"]
[Date "2014.05.11"]
[Round "4"]
[White "Kamsky, Gata"]
[Black "Erenburg, Sergey"]
[Result "1-0"]
[WhiteElo "2713"]
[BlackElo "2633"]
[PlyCount "67"]
[EventDate "2014.05.08"]
[EventType "tourn"]
[EventRounds "11"]
[EventCountry "USA"]
[EventCategory "15"]
[SourceTitle "CBM 161"]
[Source "ChessBase"]
[SourceDate "2014.07.16"]
[SourceVersion "1"]
[SourceVersionDate "2014.07.16"]
[SourceQuality "1"]

1. d4 d5 2. Bg5 h6 3. Bh4 c6 4. Nf3 Qb6 5. b3 Bf5 6. e3 e6 7. Bd3 Bxd3 8. Qxd3
Ne7 9. c4 Nf5 10. Bg3 Nd7 11. Nbd2 Nxg3 12. hxg3 g6 13. e4 dxe4 14. Nxe4 O-O-O
15. O-O e5 16. c5 Qc7 17. Qc3 f5 18. Nd6+ Bxd6 19. cxd6 Qxd6 20. dxe5 Qe7 21.
b4 Kb8 22. a4 Rhe8 23. Rfe1 Nf8 24. b5 c5 25. b6 a6 26. Rad1 Ne6 27. a5 g5 28.
Rd6 h5 29. Red1 f4 30. Qc4 Kc8 31. gxf4 gxf4 32. R1d5 Qf7 33. Rxc5+ Kb8 34. Rc7
1-0

[Event "USA-ch"]
[Site "Saint Louis"]
[Date "2014.05.12"]
[Round "5"]
[White "Shankland, Samuel L"]
[Black "Kamsky, Gata"]
[Result "1/2-1/2"]
[WhiteElo "2634"]
[BlackElo "2713"]
[PlyCount "61"]
[EventDate "2014.05.08"]
[EventType "tourn"]
[EventRounds "11"]
[EventCountry "USA"]
[EventCategory "15"]
[SourceTitle "CBM 161"]
[Source "ChessBase"]
[SourceDate "2014.07.16"]
[SourceVersion "1"]
[SourceVersionDate "2014.07.16"]
[SourceQuality "1"]

1. e4 e5 2. Nf3 Nc6 3. Bb5 a6 4. Ba4 Nf6 5. O-O Be7 6. Re1 b5 7. Bb3 O-O 8. c3
d6 9. h3 Nb8 10. d4 Nbd7 11. Nbd2 Bb7 12. Bc2 Re8 13. a4 Bf8 14. Bd3 c6 15. b4
Nb6 16. axb5 axb5 17. Rxa8 Qxa8 18. Nb3 h6 19. dxe5 dxe5 20. Be3 Na4 21. Qc2
Bc8 22. Ra1 Qb8 23. Na5 Bd7 24. c4 Bxb4 25. Nxc6 Bxc6 26. cxb5 Bxb5 27. Bxb5
Qxb5 28. Qxa4 Qxa4 29. Rxa4 Bf8 30. Ra5 Nxe4 31. Rxe5 1/2-1/2

[Event "USA-ch"]
[Site "Saint Louis"]
[Date "2014.05.14"]
[Round "7"]
[White "Kamsky, Gata"]
[Black "Lenderman, Aleksandr"]
[Result "1-0"]
[WhiteElo "2713"]
[BlackElo "2582"]
[PlyCount "95"]
[EventDate "2014.05.08"]
[EventType "tourn"]
[EventRounds "11"]
[EventCountry "USA"]
[EventCategory "15"]
[SourceTitle "CBM 161"]
[Source "ChessBase"]
[SourceDate "2014.07.16"]
[SourceVersion "1"]
[SourceVersionDate "2014.07.16"]
[SourceQuality "1"]

1. Nf3 d5 2. g3 Nf6 3. Bg2 e6 4. O-O Be7 5. d3 O-O 6. Nbd2 c5 7. e4 Nc6 8. Re1
b5 9. e5 Nd7 10. Nf1 b4 11. h4 a5 12. h5 a4 13. h6 g6 14. N1h2 Ba6 15. Ng4 Nd4
16. Nxd4 cxd4 17. b3 a3 18. Nh2 Rc8 19. Nf3 Qb6 20. Bg5 Bxg5 21. Nxg5 Rc6 22.
Qd2 Qc5 23. Nf3 Qxc2 24. Qxb4 Qc5 25. Qd2 Rfc8 26. Rad1 Qb6 27. Qg5 Qb4 28. Rd2
Rc1 29. Rxc1 Rxc1+ 30. Kh2 Qf8 31. Bh3 Rc3 32. Nxd4 Kh8 33. Ne2 Rc8 34. d4 Bxe2
35. Rxe2 Kg8 36. Qd2 Nb8 37. b4 Rc4 38. b5 Nd7 39. Qe3 Qb4 40. Rd2 Rc8 41. Rd3
Qxb5 42. Rxa3 Qb6 43. Bf1 Qd8 44. Ra7 Nb8 45. Qf4 Qf8 46. Bb5 Nc6 47. Bxc6 Rxc6
48. Kg2 1-0

[Event "USA-ch"]
[Site "Saint Louis"]
[Date "2014.05.16"]
[Round "8"]
[White "Naroditsky, Daniel"]
[Black "Kamsky, Gata"]
[Result "1/2-1/2"]
[WhiteElo "2543"]
[BlackElo "2713"]
[PlyCount "111"]
[EventDate "2014.05.08"]
[EventType "tourn"]
[EventRounds "11"]
[EventCountry "USA"]
[EventCategory "15"]
[SourceTitle "CBM 161"]
[Source "ChessBase"]
[SourceDate "2014.07.16"]
[SourceVersion "1"]
[SourceVersionDate "2014.07.16"]
[SourceQuality "1"]

1. e4 c6 2. d4 d5 3. Nd2 dxe4 4. Nxe4 Nd7 5. Nf3 Ngf6 6. Nxf6+ Nxf6 7. c3 Bg4
8. h3 Bh5 9. g4 Bg6 10. Ne5 Be4 11. f3 Bd5 12. Bd3 g6 13. Qe2 Bg7 14. h4 Nd7
15. Nxd7 Qxd7 16. h5 Qd6 17. Be4 O-O-O 18. Be3 e5 19. O-O-O exd4 20. Bxd4 Bxd4
21. Rxd4 Qf4+ 22. Qd2 Qxd2+ 23. Kxd2 Bxa2 24. Ra1 Be6 25. Rxa7 Rxd4+ 26. cxd4
Kc7 27. Ra5 Rf8 28. Bd3 Bd5 29. Be4 Be6 30. Bd3 Kd6 31. Ke3 Rg8 32. Ra7 Kc7 33.
Ra5 Kd6 34. Ra7 gxh5 35. gxh5 Kc7 36. Bxh7 Rh8 37. Bd3 Rxh5 38. b4 Rh2 39. Ra1
Kb6 40. Rb1 Ba2 41. Rd1 Be6 42. Rb1 Bd5 43. Be2 Ba2 44. Rc1 Rh8 45. Rc5 Re8+
46. Re5 Ra8 47. b5 Ra3+ 48. Kd2 Bd5 49. bxc6 bxc6 50. f4 Ra4 51. Kc3 Kc7 52.
Bd3 Kd6 53. Rh5 Ra2 54. Bc4 Rf2 55. Bxd5 cxd5 56. Rf5 1/2-1/2

[Event "USA-ch"]
[Site "Saint Louis"]
[Date "2014.05.17"]
[Round "9"]
[White "Kamsky, Gata"]
[Black "Molner, Mackenzie"]
[Result "1/2-1/2"]
[WhiteElo "2713"]
[BlackElo "2522"]
[PlyCount "94"]
[EventDate "2014.05.08"]
[EventType "tourn"]
[EventRounds "11"]
[EventCountry "USA"]
[EventCategory "15"]
[SourceTitle "CBM 161"]
[Source "ChessBase"]
[SourceDate "2014.07.16"]
[SourceVersion "1"]
[SourceVersionDate "2014.07.16"]
[SourceQuality "1"]

1. d4 Nf6 2. Nf3 g6 3. Bf4 Bg7 4. c3 O-O 5. h3 d6 6. e3 c5 7. Be2 Qb6 8. Qb3
Qxb3 9. axb3 Nc6 10. dxc5 dxc5 11. Nbd2 Bf5 12. g4 Bd7 13. e4 Rfd8 14. g5 Ne8
15. Nc4 Be6 16. Nfd2 Nd6 17. Be3 b6 18. Bg4 Nxc4 19. Nxc4 Bxg4 20. hxg4 b5 21.
Na5 Nxa5 22. Rxa5 b4 23. Rxc5 Rab8 24. Ke2 bxc3 25. bxc3 Rxb3 26. e5 f6 27. Ra1
fxe5 28. Rxa7 e4 29. Rc4 Rxc3 30. Rxc3 Bxc3 31. Rxe7 Bd4 32. Rxe4 Bxe3 33. Kxe3
Rd5 34. f4 Rd7 35. f5 Kf7 36. Ra4 gxf5 37. gxf5 Rb7 38. Kf4 Rc7 39. Kg4 Rb7 40.
Kh5 Rb5 41. Ra7+ Kg8 42. f6 Rb1 43. Rg7+ Kh8 44. g6 Rh1+ 45. Kg5 hxg6 46. Kxg6
Rh6+ 47. Kf7 Rxf6+ 1/2-1/2

[Event "USA-ch"]
[Site "Saint Louis"]
[Date "2014.05.19"]
[Round "11"]
[White "Kamsky, Gata"]
[Black "Friedel, Joshua E"]
[Result "1-0"]
[WhiteElo "2713"]
[BlackElo "2505"]
[PlyCount "127"]
[EventDate "2014.05.08"]
[EventType "tourn"]
[EventRounds "11"]
[EventCountry "USA"]
[EventCategory "15"]
[SourceTitle "CBM 161"]
[Source "ChessBase"]
[SourceDate "2014.07.16"]
[SourceVersion "1"]
[SourceVersionDate "2014.07.16"]
[SourceQuality "1"]

1. d4 Nf6 2. Nf3 e6 3. Bf4 c5 4. e3 cxd4 5. exd4 b6 6. h3 Bb7 7. Bd3 Be7 8. O-O
O-O 9. Re1 d6 10. a4 a6 11. Nbd2 Nbd7 12. Bh2 Re8 13. a5 d5 14. c3 Bc6 15. axb6
Qxb6 16. Ra2 Bb5 17. Bc2 Rec8 18. Ne5 Nxe5 19. Bxe5 Nd7 20. Bf4 a5 21. Re3 Nf8
22. Qg4 Bd7 23. Be5 Ng6 24. Qh5 Rf8 25. Nf3 Be8 26. Bh2 f5 27. Nd2 Rf6 28. Re1
f4 29. Qg4 Bd6 30. Nf3 Qc7 31. Kh1 Bf7 32. Ng5 Nf8 33. Nxf7 Kxf7 34. Qf3 Rb8
35. Bg1 Kg8 36. Bd1 Qc4 37. Ra4 Qc7 38. Ra2 Qc4 39. b3 Qc7 40. Qd3 Rc8 41. Rc2
Qb7 42. c4 Qb4 43. Rf1 dxc4 44. bxc4 Rd8 45. Qe4 a4 46. Bg4 a3 47. c5 a2 48. f3
Bb8 49. Rxa2 Qc4 50. Raa1 Rf7 51. Rfe1 Re7 52. Bf2 Ree8 53. h4 Re7 54. h5 Ree8
55. Rab1 Rd7 56. Kg1 Qa2 57. c6 Rde7 58. Ra1 Qd2 59. Rec1 Ra7 60. d5 Rxa1 61.
Rxa1 Bd6 62. dxe6 Qc3 63. Rd1 Bc5 64. Qxf4 1-0

[Event "Las Vegas National op"]
[Site "Las Vegas"]
[Date "2014.06.13"]
[Round "2"]
[White "Kamsky, Gata"]
[Black "Manvelyan, Hayk"]
[Result "1-0"]
[WhiteElo "2712"]
[BlackElo "2251"]
[PlyCount "57"]
[EventDate "2014.06.13"]
[EventType "swiss"]
[EventRounds "6"]
[EventCountry "USA"]
[SourceTitle "CBM 160 Extra"]
[Source "ChessBase"]
[SourceDate "2014.07.01"]
[SourceVersion "1"]
[SourceVersionDate "2014.07.01"]
[SourceQuality "1"]

1. e4 e5 2. Nf3 Nc6 3. Bb5 g6 4. O-O Bg7 5. c3 Nge7 6. d4 exd4 7. cxd4 d5 8.
Bxc6+ bxc6 9. e5 O-O 10. h3 f6 11. exf6 Bxf6 12. Bh6 Re8 13. Nc3 Nf5 14. Bf4
Rb8 15. Qa4 Rxb2 16. Rfe1 Bd7 17. Qxa7 Nd6 18. Ne5 Be7 19. Rab1 Rc2 20. Rec1
Rxc1+ 21. Rxc1 Bg5 22. Ne2 Bxh3 23. Rxc6 Bxg2 24. Rxc7 Qf6 25. Ng4 Qf5 26. Rg7+
Kf8 27. Bxd6+ Be7 28. Bxe7+ Kxg7 29. Bf6+ 1-0

[Event "Las Vegas National op"]
[Site "Las Vegas"]
[Date "2014.06.14"]
[Round "3"]
[White "Harmon Vellotti, Luke"]
[Black "Kamsky, Gata"]
[Result "0-1"]
[WhiteElo "2412"]
[BlackElo "2712"]
[PlyCount "78"]
[EventDate "2014.06.13"]
[EventType "swiss"]
[EventRounds "6"]
[EventCountry "USA"]
[SourceTitle "CBM 160 Extra"]
[Source "ChessBase"]
[SourceDate "2014.07.01"]
[SourceVersion "1"]
[SourceVersionDate "2014.07.01"]
[SourceQuality "1"]

1. e4 c5 2. Nf3 e6 3. d4 cxd4 4. Nxd4 a6 5. Bd3 g6 6. O-O Bg7 7. c3 d6 8. Be3
Nf6 9. h3 O-O 10. Nd2 Nbd7 11. f4 Re8 12. N4f3 Qc7 13. Qe2 b6 14. Rae1 Bb7 15.
Bb1 Nc5 16. e5 Nd5 17. Nc4 dxe5 18. fxe5 Nxe3 19. Qxe3 Bxf3 20. gxf3 b5 21. Nd6
Red8 22. f4 Bf8 23. Ne4 Nxe4 24. Qxe4 b4 25. cxb4 Rab8 26. a3 a5 27. Qg2 axb4
28. axb4 Rxb4 29. Kh1 Kh8 30. Re2 Be7 31. Rc2 Rc4 32. Rxc4 Qxc4 33. Qf3 Rd2 34.
b3 Qd4 35. Be4 Kg7 36. Bb1 Qb2 37. Qg3 Bh4 38. Qg1 Qxb3 39. Qg4 Bg3 0-1

[Event "Las Vegas National op"]
[Site "Las Vegas"]
[Date "2014.06.14"]
[Round "4"]
[White "Kamsky, Gata"]
[Black "Quesada Perez, Yuniesky"]
[Result "1/2-1/2"]
[WhiteElo "2712"]
[BlackElo "2642"]
[PlyCount "84"]
[EventDate "2014.06.13"]
[EventType "swiss"]
[EventRounds "6"]
[EventCountry "USA"]
[SourceTitle "CBM 160 Extra"]
[Source "ChessBase"]
[SourceDate "2014.07.01"]
[SourceVersion "1"]
[SourceVersionDate "2014.07.01"]
[SourceQuality "1"]

1. e4 e5 2. Nf3 Nc6 3. Bb5 Nf6 4. O-O Nxe4 5. d4 Nd6 6. Bxc6 dxc6 7. dxe5 Nf5
8. Qxd8+ Kxd8 9. Rd1+ Ke8 10. Nc3 Ne7 11. h3 Ng6 12. Ne4 Be7 13. Re1 b6 14.
Nf6+ Kf8 15. Nh5 c5 16. Nh2 Bb7 17. g3 Rd8 18. c4 f5 19. b3 Bc8 20. Nf1 Be6 21.
Bb2 Kf7 22. Rad1 Rxd1 23. Rxd1 Rd8 24. Rxd8 Bxd8 25. Ne3 Nf8 26. Nf4 Bc8 27.
Ne2 g6 28. g4 Bg5 29. f4 Bh4 30. Bc3 Bd8 31. Kh2 h5 32. Kg3 hxg4 33. hxg4 fxg4
34. Nxg4 Ne6 35. Kf3 Bb7+ 36. Ke3 Bh4 37. Nf6 Ng7 38. Nd5 Nf5+ 39. Kd3 Bd8 40.
Be1 Ke6 41. Nec3 a6 42. Bf2 Bc8 1/2-1/2

[Event "Las Vegas National op"]
[Site "Las Vegas"]
[Date "2014.06.15"]
[Round "5"]
[White "Ramirez Alvarez, Alejandro"]
[Black "Kamsky, Gata"]
[Result "0-1"]
[WhiteElo "2583"]
[BlackElo "2712"]
[PlyCount "66"]
[EventDate "2014.06.13"]
[EventType "swiss"]
[EventRounds "6"]
[EventCountry "USA"]
[SourceTitle "CBM 160 Extra"]
[Source "ChessBase"]
[SourceDate "2014.07.01"]
[SourceVersion "1"]
[SourceVersionDate "2014.07.01"]
[SourceQuality "1"]

1. Nf3 Nf6 2. c4 c6 3. d4 d5 4. Nc3 a6 5. e3 g6 6. Bd3 Bg7 7. O-O O-O 8. Qb3
dxc4 9. Bxc4 b5 10. Be2 Bf5 11. Ng5 h6 12. e4 hxg5 13. exf5 gxf5 14. Bxg5 Qxd4
15. Rad1 Qc5 16. Rc1 Qa7 17. Qb4 e6 18. Qh4 Nbd7 19. Bh6 Ne5 20. Bxg7 Kxg7 21.
Qg5+ Ng6 22. h4 Nh7 23. Qg3 f4 24. Qf3 Nxh4 25. Qxf4 Ng6 26. Qd6 Nf6 27. Qxc6
Rh8 28. Qf3 Rh6 29. Ne4 Nxe4 30. Qxe4 Rah8 31. g3 f5 32. Qc6 Ne5 33. Qg2 Kf6
0-1

[Event "Las Vegas National op"]
[Site "Las Vegas"]
[Date "2014.06.15"]
[Round "6"]
[White "Kamsky, Gata"]
[Black "Bruzon Batista, Lazaro"]
[Result "1/2-1/2"]
[WhiteElo "2712"]
[BlackElo "2694"]
[PlyCount "73"]
[EventDate "2014.06.13"]
[EventType "swiss"]
[EventRounds "6"]
[EventCountry "USA"]
[SourceTitle "CBM 160 Extra"]
[Source "ChessBase"]
[SourceDate "2014.07.01"]
[SourceVersion "1"]
[SourceVersionDate "2014.07.01"]
[SourceQuality "1"]

1. e4 c5 2. Nf3 e6 3. Nc3 a6 4. d4 cxd4 5. Nxd4 Nc6 6. Be2 d6 7. O-O Nf6 8. Be3
Be7 9. f4 O-O 10. Kh1 Bd7 11. a4 Nxd4 12. Qxd4 Bc6 13. a5 Rc8 14. Bf3 Nd7 15.
Qd2 Qc7 16. Ne2 Nc5 17. Ng3 d5 18. exd5 Bxd5 19. Bxd5 Rfd8 20. b4 Rxd5 21. Qe2
Nd7 22. c4 Rd6 23. Ne4 Rc6 24. c5 Nf6 25. Nxf6+ Bxf6 26. Rad1 Rd8 27. Rxd8+
Qxd8 28. Rd1 Qc8 29. Bd4 Be7 30. Bc3 f6 31. h3 Rc7 32. Re1 Rc6 33. Rd1 Rc7 34.
Rd3 Kf7 35. Qh5+ Kg8 36. Qe2 Kf7 37. Qh5+ 1/2-1/2

[Event "World op 42nd"]
[Site "Arlington"]
[Date "2014.07.02"]
[Round "1"]
[White "Kamsky, Gata"]
[Black "Shen, Arthur"]
[Result "1-0"]
[WhiteElo "2717"]
[BlackElo "2338"]
[PlyCount "39"]
[EventDate "2014.07.02"]
[EventType "swiss"]
[EventRounds "9"]
[EventCountry "USA"]
[SourceTitle "CBM 161 Extra"]
[Source "ChessBase"]
[SourceDate "2014.08.29"]
[SourceVersion "1"]
[SourceVersionDate "2014.08.29"]
[SourceQuality "1"]

1. e4 c5 2. Nf3 d6 3. d4 cxd4 4. Nxd4 Nf6 5. Nc3 a6 6. a4 e6 7. a5 b5 8. axb6
Qxb6 9. Be3 Qc7 10. Ndb5 Qc6 11. Ra4 Nbd7 12. Na7 Qb7 13. Bxa6 Qxb2 14. Ncb5
Bxa6 15. Rxa6 Qb4+ 16. c3 Qxe4 17. Nc7+ Kd8 18. Nxa8 Qxg2 19. Nc6+ Kc8 20. Rf1
1-0

[Event "World op 42nd"]
[Site "Arlington"]
[Date "2014.07.03"]
[Round "2"]
[White "Gorovets, Andrey"]
[Black "Kamsky, Gata"]
[Result "1/2-1/2"]
[WhiteElo "2474"]
[BlackElo "2717"]
[PlyCount "105"]
[EventDate "2014.07.02"]
[EventType "swiss"]
[EventRounds "9"]
[EventCountry "USA"]
[SourceTitle "CBM 161 Extra"]
[Source "ChessBase"]
[SourceDate "2014.08.29"]
[SourceVersion "1"]
[SourceVersionDate "2014.08.29"]
[SourceQuality "1"]

1. d4 Nf6 2. c4 e6 3. Nc3 Bb4 4. Nf3 b6 5. e3 Bb7 6. Bd3 O-O 7. O-O c5 8. Na4
cxd4 9. exd4 Be7 10. Bf4 d6 11. a3 Nbd7 12. b4 a5 13. h3 axb4 14. axb4 Ra7 15.
Be2 Ne4 16. Rc1 Qa8 17. Nc3 Nxc3 18. Rxc3 Nf6 19. Rc1 Ne4 20. Bd3 Ra3 21. Ra1
b5 22. c5 dxc5 23. bxc5 b4 24. Rxa3 Qxa3 25. Ne5 Bd5 26. Re1 f5 27. f3 Nc3 28.
Qd2 Bh4 29. Rf1 Bf6 30. Kh2 Qa4 31. Qb2 Ra8 32. Bd2 Qa3 33. Qc2 Bxe5+ 34. dxe5
Na4 35. Bc1 Qc3 36. Qxc3 bxc3 37. Be3 Nb2 38. Bc2 Nc4 39. Bd4 Ra3 40. Rc1 Kf7
41. Bd3 Nb2 42. Bf1 Na4 43. Bb5 Nxc5 44. Bxc5 Ra5 45. Rxc3 Rxb5 46. Be3 h6 47.
Rc7+ Kg8 48. h4 Rb2 49. Kg3 Re2 50. Bf4 Kh7 51. Bc1 Ra2 52. Be3 Kg6 53. Bc1
1/2-1/2

[Event "World op 42nd"]
[Site "Arlington"]
[Date "2014.07.03"]
[Round "3"]
[White "Kamsky, Gata"]
[Black "Priyadharshan, Kannappan"]
[Result "1-0"]
[WhiteElo "2717"]
[BlackElo "2433"]
[PlyCount "79"]
[EventDate "2014.07.02"]
[EventType "swiss"]
[EventRounds "9"]
[EventCountry "USA"]
[SourceTitle "CBM 161 Extra"]
[Source "ChessBase"]
[SourceDate "2014.08.29"]
[SourceVersion "1"]
[SourceVersionDate "2014.08.29"]
[SourceQuality "1"]

1. e4 e5 2. Nf3 Nc6 3. Bb5 Nf6 4. O-O Nxe4 5. d4 Nd6 6. Bxc6 dxc6 7. dxe5 Nf5
8. Qxd8+ Kxd8 9. Rd1+ Ke8 10. h3 Ne7 11. Bf4 Ng6 12. Bh2 Bc5 13. Nbd2 Be6 14.
Nb3 Bxb3 15. axb3 Ke7 16. g4 Rhd8 17. Kf1 Nf8 18. Bg3 Rxd1+ 19. Rxd1 Ne6 20.
Bh4+ Ke8 21. Ng5 Be7 22. Nxe6 fxe6 23. Bxe7 Kxe7 24. Ke2 Rh8 25. Kf3 Rd8 26.
Rxd8 Kxd8 27. b4 Ke7 28. h4 g6 29. Ke4 h6 30. f4 b6 31. f5 g5 32. hxg5 hxg5 33.
fxe6 Kxe6 34. c4 a5 35. b5 cxb5 36. cxb5 a4 37. Kd4 Ke7 38. Kd5 Kd7 39. e6+ Ke7
40. Ke5 1-0

[Event "World op 42nd"]
[Site "Arlington"]
[Date "2014.07.04"]
[Round "4"]
[White "Friedel, Joshua E"]
[Black "Kamsky, Gata"]
[Result "1/2-1/2"]
[WhiteElo "2506"]
[BlackElo "2717"]
[PlyCount "50"]
[EventDate "2014.07.02"]
[EventType "swiss"]
[EventRounds "9"]
[EventCountry "USA"]
[SourceTitle "CBM 161 Extra"]
[Source "ChessBase"]
[SourceDate "2014.08.29"]
[SourceVersion "1"]
[SourceVersionDate "2014.08.29"]
[SourceQuality "1"]

1. Nf3 Nf6 2. c4 c5 3. Nc3 b6 4. d4 cxd4 5. Nxd4 Bb7 6. f3 Nc6 7. e4 e6 8. Bf4
Bc5 9. Nb3 Bb4 10. Bd6 Bxd6 11. Qxd6 Qe7 12. Nb5 Qxd6 13. Nxd6+ Ke7 14. O-O-O
Rab8 15. Be2 Ba8 16. Rd2 Ne8 17. Rhd1 Nxd6 18. Rxd6 Rb7 19. c5 Rc7 20. cxb6
axb6 21. Kb1 g5 22. Nd4 Kxd6 23. Nb5+ Ke7 24. Nxc7 Bb7 25. Nb5 Ba6 1/2-1/2

[Event "World op 42nd"]
[Site "Arlington"]
[Date "2014.07.05"]
[Round "7"]
[White "Kamsky, Gata"]
[Black "Cheng, Bindi"]
[Result "1-0"]
[WhiteElo "2717"]
[BlackElo "2410"]
[PlyCount "75"]
[EventDate "2014.07.02"]
[EventType "swiss"]
[EventRounds "9"]
[EventCountry "USA"]
[SourceTitle "CBM 161 Extra"]
[Source "ChessBase"]
[SourceDate "2014.08.29"]
[SourceVersion "1"]
[SourceVersionDate "2014.08.29"]
[SourceQuality "1"]

1. e4 c5 2. Nf3 d6 3. d4 cxd4 4. Nxd4 Nf6 5. Nc3 a6 6. a4 Nc6 7. Nxc6 bxc6 8.
a5 e6 9. Bd3 Be7 10. O-O O-O 11. Qe2 Nd7 12. Bf4 Nc5 13. Bc4 d5 14. Rfd1 Bb7
15. Qe1 Bf6 16. f3 Qe7 17. Bf1 e5 18. Bg3 d4 19. Nb1 Ne6 20. Na3 Nc7 21. Nc4
Nb5 22. Bd3 Rad8 23. Qe2 g6 24. f4 exf4 25. Bxf4 Bg5 26. Rf1 Bxf4 27. Rxf4 f6
28. Raf1 Kg7 29. h4 Bc8 30. h5 Qc5 31. e5 fxe5 32. Nxe5 Bf5 33. h6+ Kxh6 34. g4
Rde8 35. Rxf5 Rxf5 36. Rxf5 gxf5 37. Qd2+ Kg7 38. Qg5+ 1-0

[Event "World op 42nd"]
[Site "Arlington"]
[Date "2014.07.06"]
[Round "9"]
[White "Gonzalez Vidal, Yuri"]
[Black "Kamsky, Gata"]
[Result "1/2-1/2"]
[WhiteElo "2546"]
[BlackElo "2717"]
[PlyCount "93"]
[EventDate "2014.07.02"]
[EventType "swiss"]
[EventRounds "9"]
[EventCountry "USA"]
[SourceTitle "CBM 161 Extra"]
[Source "ChessBase"]
[SourceDate "2014.08.29"]
[SourceVersion "1"]
[SourceVersionDate "2014.08.29"]
[SourceQuality "1"]

1. e4 c5 2. Nf3 e6 3. d4 cxd4 4. Nxd4 a6 5. Bd3 g6 6. O-O Bg7 7. Nb3 d6 8. c4
Nf6 9. Nc3 O-O 10. Bf4 Nc6 11. Be2 Ne8 12. Qd2 b6 13. Rfd1 Ra7 14. Be3 Qc7 15.
Rac1 Qb8 16. Nd4 Bd7 17. f4 Ne7 18. b4 Rc7 19. Kh1 h5 20. a3 Nf6 21. Nf3 Bc6
22. Ng5 Rd8 23. Qe1 Ba8 24. Qf2 Nc8 25. h3 Rcd7 26. f5 exf5 27. exf5 gxf5 28.
Nd5 Bxd5 29. cxd5 Ne7 30. Bxb6 Re8 31. Bd4 Nexd5 32. Bc4 Rc7 33. Qxf5 Qc8 34.
Qf1 Qd8 35. Bxd5 Nxd5 36. Rxc7 Qxc7 37. Bxg7 Ne3 38. Qd3 Kxg7 39. Re1 Re5 40.
Nf3 Qc2 41. Rxe3 Qc1+ 42. Re1 Rxe1+ 43. Nxe1 Qxe1+ 44. Kh2 Qe5+ 45. Kg1 Qe1+
46. Kh2 Qe5+ 47. Kg1 1/2-1/2